Online Catalogue and eLibrary

History after Lacan / (Record no. 18)

MARC details
000 -LEADER
fixed length control field 00599cam a2200217 a 4500
001 - CONTROL NUMBER
control field 2996260
005 - DATE AND TIME OF LATEST TRANSACTION
control field 20231115023010.0
008 - FIXED-LENGTH DATA ELEMENTS--GENERAL INFORMATION
fixed length control field 930323s1993 nyu b 001 0 eng
020 ## - INTERNATIONAL STANDARD BOOK NUMBER
ISBN 0415011167 (hard)
020 ## - INTERNATIONAL STANDARD BOOK NUMBER
ISBN 0415011175 (pbk.)
040 ## - CATALOGING SOURCE (பட்டியலாக்க மூலம்)
Original cataloging agency DLC
Transcribing agency DLC
Modifying agency DLC
082 00 - DDC Classification
Class No. 901
DDC Edition Number 20
100 1# - MAIN ENTRY--PERSONAL NAME
Personal name Brennan, Teresa,
245 10 - TITLE STATEMENT
Title History after Lacan /
Statement of responsibility, etc. Teresa Brennan.
260 ## - PUBLICATION, DISTRIBUTION, ETC.
Place of publication, distribution, etc. London ;
-- New York :
Name of publisher, distributor, etc. Routledge,
Date of publication, distribution, etc. 1993.
300 ## - PHYSICAL DESCRIPTION
Extent (e.g. Volumes, Pages etc.) xv, 239 p. ;
650 #0 - SUBJECT ADDED ENTRY--TOPICAL TERM
Topical term or geographic name entry element History
700 ## - ADDED ENTRY--PERSONAL NAME
Personal name Brennan, Teresa.
856 42 - ELECTRONIC LOCATION AND ACCESS
Uniform Resource Identifier <a href="http://www.loc.gov/catdir/enhancements/fy0648/93017237-d.html">http://www.loc.gov/catdir/enhancements/fy0648/93017237-d.html</a>
942 ## - Koha item type (Biblio)
Koha item type Books in Stacks (Lending)
Holdings
Lost status Damaged status Collection code Home library Current library Date acquired Full call number Accession Number Item type
    Lending WERC Library WERC Library 11/15/2023 901 3625 Books in Stacks (Lending)

© WERC Library